Morphological correlates of fire-induced tree mortality in a central Amazonian forest /
Guardado en:
| Autor principal: | |
|---|---|
| Otros Autores: | , |
| Formato: | Artículo |
| Lenguaje: | English |
| Materias: | |
| Etiquetas: |
Agregar Etiqueta
Sin Etiquetas, Sea el primero en etiquetar este registro!
|
| Thư viện lưu trữ: | Thư viện Trường Đại học Đà Lạt |
|---|
| LEADER | 00943nam a2200313 4500 | ||
|---|---|---|---|
| 001 | DLU090095802 | ||
| 005 | ##20091201 | ||
| 040 | # | # | |a DLU |b eng |
| 041 | # | # | |a eng |
| 044 | # | # | |a uk |
| 100 | # | # | |a Barlow, Jos. |
| 245 | # | # | |a Morphological correlates of fire-induced tree mortality in a central Amazonian forest / |c Jos Barlow, Bernard O. Lagan, Carlos A. Peres. |
| 653 | # | # | |a Amazonia |
| 653 | # | # | |a El Nino events |
| 653 | # | # | |a Fire disturbance |
| 653 | # | # | |a Surface fires |
| 653 | # | # | |a Tropical forest |
| 700 | # | # | |a Lagan, Bernard O. |
| 700 | # | # | |a Peres, Carlos A. |
| 773 | # | # | |t Journal of Tropical Ecology |g Vol. 19, part 3 (May 2003), p. 291-299 |
| 920 | # | # | |a Phòng Tạp chí -- Trung tâm Thông tin - Thư viện Trường Đại học Đà Lạt |
| 994 | # | # | |a DLU |
| 900 | # | # | |a True |
| 911 | # | # | |a Trương Bảo Trâm Anh |
| 925 | # | # | |a G |
| 926 | # | # | |a A |
| 927 | # | # | |a BB |
| 980 | # | # | |a Thư viện Trường Đại học Đà Lạt |